[Event "IND-ch U15"]
[Site "New Delhi"]
[Date "2010.09.04"]
[Round "1"]
[White "Shashaank, DS."]
[Black "Damle, Omkar"]
[Result "1-0"]
[WhiteElo "2159"]
[BlackElo "1623"]
[PlyCount "93"]
[EventDate "2010.09.04"]
[EventType "swiss"]
[EventRounds "11"]
[EventCountry "IND"]
[SourceTitle "CBM 138 Extra"]
[Source "ChessBase"]
[SourceDate "2010.10.29"]
[SourceVersion "1"]
[SourceVersionDate "2010.10.29"]
[SourceQuality "1"]

1. d4 Nf6 2. Nc3 e6 3. e4 d5 4. Bg5 Be7 5. Bxf6 Bxf6 6. Nf3 dxe4 7. Nxe4 Nd7 8. Bd3 0-0 9. h4 b6 10. c3 Bb7 11. Qc2 Be7 12. Neg5 h6 13. Bh7+ Kh8 14. Bg8 Nf6 15. Nxf7+ Rxf7 16. Bxf7 Be4 17. Qe2 Qd6 18. Ne5 Rf8 19. Bg6 Qd5 20. Bxe4 Qxe4 21. Qxe4 Nxe4 22. Ng6+ Kg8 23. Nxe7+ Kf7 24. Nc6 a5 25. Rh3 Ke8 26. Rf3 Rg8 27. 0-0-0 Nd6 28. Re1 Kd7 29. Ne5+ Kd8 30. Nf7+ Nxf7 31. Rxf7 g5 32. h5 Re8 33. Rh7 Kc8 34. Rxh6 Kd7 35. Rg6 Re7 36. h6 Re8 37. h7 Rh8 38. Rh1 Ke7 39. Rg8 Rxh7 40. Rxh7+ Kf6 41. g4 c5 42. Kd2 c4 43. Ke3 b5 44. f4 gxf4+ 45. Ke4 e5 46. dxe5+ Ke6 47. Rg6# 1-0